Statistiques concernant Drapeaux des pays de l'UE.

Cliquez ici pour prendre le quiz!

Statistiques générales

  • Ce quiz a été pris 587 fois
    (446 depuis la dernière actualisation)
  • Le résultat moyen est 27 sur 31

Statistiques - réponses

Réponse% Correct
Allemagne
99%
Belgique
99%
France
99%
Italie
99%
Espagne
98%
Irlande
97%
Grèce
96%
Roumanie
96%
Portugal
95%
Croatie
93%
Finlande
93%
Suede
93%
Chypre
92%
Pays-Bas
92%
Pologne
91%
Danemark
89%
République Tchèque
88%
Luxembourg
87%
Estonie
86%
Hongrie
84%
Bulgarie
83%
Slovaquie
83%
Monaco
82%
Slovénie
81%
Vatican
81%
Lettonie
79%
Malte
79%
Andorre
78%
Autriche
75%
Saint-Marin
75%
Lituanie
73%

Distribution des résultats

Percentile par nombre de réponses

% des personnes avec chaque résultat

Votre développement - résultats

Vous n’avez pas pris ce quiz depuis la dernière actualisation